កម្រងបទដ្ឋានគតិយុត្តក្រោមច្បាប់ ស្ដីពីការគ្រប់គ្រងថ្នាំកសិកម្ម និងជីកសិកម្ម (Record no. 25385)
[ view plain ]
| 000 -LEADER | |
|---|---|
| fixed length control field | 00669nam a22001217a 4500 |
| 040 ## - CATALOGING SOURCE | |
| Transcribing agency | RUA |
| 082 ## - DEWEY DECIMAL CLASSIFICATION NUMBER | |
| Classification number | GCP នាយក 2013 A126 Or. |
| 100 ## - MAIN ENTRY--AUTHOR NAME | |
| Personal name | នាយកដ្ឋាននីតិកម្មកសិកម្ម ក្រសួងកសិកម្ម រុក្ខាប្រមាញ់និងនេសាទ |
| 245 ## - TITLE STATEMENT | |
| Title | កម្រងបទដ្ឋានគតិយុត្តក្រោមច្បាប់ ស្ដីពីការគ្រប់គ្រងថ្នាំកសិកម្ម និងជីកសិកម្ម |
| 260 ## - PUBLICATION, DISTRIBUTION, ETC. (IMPRINT) | |
| Place of publication | PHNOM PENH |
| Name of publisher | RUA |
| Year of publication | 2013 |
| 300 ## - PHYSICAL DESCRIPTION | |
| Number of Pages | iii, |
| Other physical details | ill, |
| Dimensions | 29cm, |
| 942 ## - ADDED ENTRY ELEMENTS (KOHA) | |
| Koha item type | សៀវភៅគោល |
| 952 ## - LOCATION AND ITEM INFORMATION (KOHA) | |
| Withdrawn status [LOCAL, KOHA] | 0 |
| Koha item type | Barcode | Lost status | Permanent Location | Current Location | Date acquired | Full call number |
|---|---|---|---|---|---|---|
| សៀវភៅគោល | A084512 | Library Block A | Library Block A | 2025-07-17 | GCP នាយក 2013 A126 Or. |